00723nam a2200181Ia 4500003000900000008004100009040001600050080001600066111007200082245018700154260006800341300001500409650004100424650001800465650002000483650001100503700002700514IN-BaIIA211028s9999 xx 000 0 eng d cIIA Library a523.47bURA aWorkshop on Uranus and NeptunecPasadena, Californiad1984 Feb. 6-8 0aUranus and Neptunebproceedings of a Workshop on Uranus and Nept.une, held in Pasadena, California February 6-8, 1984.cedited by J. T. Bergstralh  aWashingtonbNational Aeronautics and Space Administrationc1984 avii, 627p. aAstronomy and Astrophysics thesaurus aGiant Planets aNeptune Planets aUranus aBergstralh, J. T., ed.